[Event "Thematic: Caro-Kann"]
[Site "SchemingMind.com"]
[Date "2011.02.07"]
[Round "-"]
[White "lennart"]
[Black "Gary"]
[Result "0-1"]
[WhiteCountry "SWE"]
[BlackCountry "ENG"]
[WhiteElo "1522"]
[WhiteRD "55"]
[BlackElo "1669"]
[BlackRD "64"]
[GameID "275262"]

1. e4 c6 2. d4 d5 3. exd5 cxd5 4. Nc3 Nf6 5. Be2 Bf5 6. Nf3 e6 7. Ne5 Bd6 8. Bb5+ Nbd7 9. Nxd7 Nxd7 10. O-O O-O
11. Re1 a6 12. Bd3 Bxd3 13. Qxd3 Rc8 14. a4 Re8 15. b3 Bb4 16. Bd2 Qa5 17. Nb1 Bxd2 18. Nxd2 Qc3 19. Qxc3 Rxc3 20. Ra2 Rec8
21. Nf3 Rxc2 22. Raa1 Rb2 23. h3 Rcc2 24. Rf1 Rxb3 25. Ne1 Rd2 26. Rc1 g6 27. Nf3 Rdd3 28. h4 Nf6 29. Ne5 Rxd4 30. Rc7 Re4
31. Nxf7 Rxh4 32. Nd6 Rxa4 33. f3 Ra2 34. Kh2 Rbb2 35. Kg3 Nh5+ 36. Kh4 Rxg2
0-1

[Event "Thematic: Caro-Kann"]
[Site "SchemingMind.com"]
[Date "2011.02.07"]
[Round "-"]
[White "lennart"]
[Black "mark"]
[Result "0-1"]
[WhiteCountry "SWE"]
[BlackCountry "GBR"]
[WhiteElo "1522"]
[WhiteRD "55"]
[BlackElo "1582"]
[BlackRD "126"]
[GameID "275263"]

1. e4 c6 2. d4 d5 3. exd5 cxd5 4. Be2 g6 5. Nf3 Bg7 6. O-O Bg4 7. c3 Nf6 8. Qa4+ Nbd7 9. h3 Bxf3 10. Bxf3 O-O
11. c4 Nb6 12. Qa5 dxc4 13. Be3 Qd7 14. Nd2 Nfd5 15. Bg5 h6 16. Bh4 Bxd4 17. Bg3 Bxb2 18. Rab1 Bc3 19. Qc5 Bxd2 20. h4 Bc3
21. Rfd1 e6 22. Bf4 Rac8 23. Qa3 Qd8 24. Bxh6 Re8 25. g3 Bg7 26. Qc1 Bxh6 27. Qxh6 Qf6 28. Bh1 Nc3
0-1

[Event "Thematic: Caro-Kann"]
[Site "SchemingMind.com"]
[Date "2011.02.07"]
[Round "-"]
[White "lennart"]
[Black "cnile"]
[Result "1-0"]
[WhiteCountry "SWE"]
[BlackCountry "SCO"]
[WhiteElo "1528"]
[WhiteRD "55"]
[BlackElo "1420"]
[BlackRD "61"]
[GameID "275264"]

1. e4 c6 2. d4 d5 3. exd5 cxd5 4. Nc3 e6 5. Nf3 Bb4 6. Bd2 Nc6 7. Bd3 Nf6 8. O-O O-O 9. Re1 Re8 10. a3 Bxc3
11. bxc3 Bd7 12. Rb1 Rb8 13. Re3 Ne7 14. Ne5 Rc8 15. c4 dxc4 16. Nxc4 Ned5 17. Rg3 Ne7 18. Nd6 Nfd5 19. Bxh7+ Kxh7 20. Qh5+ Kg8
21. Qxf7+ Kh8 22. Qxg7#
1-0

[Event "Thematic: Caro-Kann"]
[Site "SchemingMind.com"]
[Date "2011.02.08"]
[Round "-"]
[White "lennart"]
[Black "tiggeronvrb"]
[Result "0-1"]
[WhiteCountry "SWE"]
[BlackCountry "SCO"]
[WhiteElo "1528"]
[WhiteRD "55"]
[BlackElo "1885"]
[BlackRD "65"]
[GameID "275266"]

1. e4 c6 2. d4 d5 3. exd5 cxd5 4. Nf3 Nf6 5. Bd3 Nc6 6. O-O Bg4 7. Be2 Qc7 8. Qe1 Bxf3 9. Bxf3 Nxd4 10. Bd1 Nxc2
11. Bxc2 Qxc2 12. Na3 Qg6 13. Be3 e6 14. Nb5 Rc8 15. g3 a6 16. Nd4 Bd6 17. Ne2 O-O 18. Rd1 Rc2 19. Rb1 Rfc8 20. Rd1 Rxb2
21. Ra1 e5 22. Qd1 Rcc2 23. Re1 Bb4 24. Rf1 Rxe2 25. Rc1 h6 26. a4 d4 27. Rc8+ Kh7 28. Bc1 Ra2 29. Qb3 a5 30. Rc7 Ne4
0-1

[Event "Thematic: Caro-Kann"]
[Site "SchemingMind.com"]
[Date "2011.02.07"]
[Round "-"]
[White "lennart"]
[Black "lontjr"]
[Result "0-1"]
[WhiteCountry "SWE"]
[BlackCountry "USA"]
[WhiteElo "1528"]
[WhiteRD "55"]
[BlackElo "1478"]
[BlackRD "82"]
[GameID "275267"]

1. e4 c6 2. d4 d5 3. exd5 cxd5 4. Nf3 Nc6 5. Bd3 Bg4 6. Nbd2 Nxd4 7. O-O e5 8. Qe1 Bxf3 9. Qxe5+ Ne6 10. Nxf3 Bd6
11. Qc3 Nf6 12. Bb5+ Kf8 13. Be3 Ne4 14. Qb3 a6 15. Be2 N6c5 16. Qxd5 Bxh2+ 17. Nxh2 Qxd5 18. Rfd1 Qc6 19. Bf3 Qg6 20. b4 Ne6
21. Ng4 h5 22. Ne5 Qf5 23. Nd7+ Ke7 24. Nb6 Rad8 25. Re1 Nc3 26. Bxb7 h4
0-1

[Event "Thematic: Caro-Kann"]
[Site "SchemingMind.com"]
[Date "2011.02.07"]
[Round "-"]
[White "lennart"]
[Black "Will Grummitt"]
[Result "0-1"]
[WhiteCountry "SWE"]
[BlackCountry "ENG"]
[WhiteElo "1522"]
[WhiteRD "55"]
[BlackElo "1811"]
[BlackRD "56"]
[GameID "275268"]

1. e4 c6 2. d4 d5 3. exd5 cxd5 4. Nc3 e6 5. Bd3 Nf6 6. Nf3 Bb4 7. O-O Bxc3 8. bxc3 O-O 9. Ba3 Re8 10. Ne5 Nc6
11. Nxc6 bxc6 12. Rb1 Bd7 13. Re1 Rb8 14. Rb4 Qa5 15. Rxb8 Rxb8 16. Bb4 Qxa2 17. h3 a5 18. Bd6 Ra8 19. Bf4 Qb2 20. Qd2 a4
21. Qc1 Qxc1 22. Rxc1 a3 23. Ra1 a2 24. c4 Ne4 25. c5 Nc3 26. Bd2 Nb5 27. c3 Ra3 28. Bc1 Rxc3 29. Rxa2 Rxc1+ 30. Bf1 g6
31. Ra8+ Kg7 32. Rd8 Nxd4 33. g3 Rxc5 34. Rxd7 Nf5 35. Kg2 h5 36. h4 Nh6 37. Ra7 Rc2 38. Kg1 Ng4 39. f3 Ne3 40. Ra1 Nxf1
41. Kxf1 c5 42. Ke1 c4 43. Kd1 Rg2
0-1

[Event "Thematic: Caro-Kann"]
[Site "SchemingMind.com"]
[Date "2011.02.07"]
[Round "-"]
[White "Gary"]
[Black "lennart"]
[Result "1-0"]
[WhiteCountry "ENG"]
[BlackCountry "SWE"]
[WhiteElo "1669"]
[WhiteRD "64"]
[BlackElo "1522"]
[BlackRD "55"]
[GameID "275269"]

1. e4 c6 2. d4 d5 3. Nd2 dxe4 4. Nxe4 e6 5. Nf3 Be7 6. Bc4 Nf6 7. Nxf6+ Bxf6 8. O-O O-O 9. Bf4 b5 10. Bb3 Na6
11. c3 Qb6 12. a4 b4 13. c4 c5 14. Be3 Rd8 15. dxc5 Rxd1 16. cxb6 Rxf1+ 17. Kxf1 Bxb2 18. Rb1 Bf6 19. bxa7 Be7 20. Bc2 Bb7
21. Nd2 g6 22. Nb3 Rc8 23. Na5 Ba8 24. f3 h6 25. Be4 Bxe4 26. fxe4 Ra8 27. Nc6 Bd6 28. e5 Bf8 29. Ke2 g5 30. Kd3 Kg7
31. Bb6 Kg6 32. c5 Kh5 33. Kc4
1-0

[Event "Thematic: Caro-Kann"]
[Site "SchemingMind.com"]
[Date "2011.02.08"]
[Round "-"]
[White "mark"]
[Black "lennart"]
[Result "1-0"]
[WhiteCountry "GBR"]
[BlackCountry "SWE"]
[WhiteElo "1582"]
[WhiteRD "126"]
[BlackElo "1522"]
[BlackRD "55"]
[GameID "275270"]

1. e4 c6 2. d4 d5 3. e5 e6 4. Nf3 Bb4+ 5. c3 Ba5 6. Bd3 Ne7 7. O-O O-O 8. Qc2 Ng6 9. Bg5 Qb6 10. Nbd2 Qc7
11. a3 b5 12. b4 Bb6 13. Nh4 Nxh4 14. Bxh4 a5 15. Bxh7+ Kh8 16. Bd3 f6 17. Nf3 fxe5 18. Nxe5 Kg8 19. Qe2 Nd7 20. Qh5 Nf6
21. Bxf6 Rxf6 22. Qh7+ Kf8 23. Qh8+ Ke7 24. Qxg7+ Kd6 25. Qxf6 Bb7 26. Nf7+ Kd7 27. Rfe1 Re8 28. Ne5+ Kc8 29. Re3 Kb8 30. Rg3 Re7
31. Rg8+ Ka7 32. h4 a4 33. h5
1-0

[Event "Thematic: Caro-Kann"]
[Site "SchemingMind.com"]
[Date "2011.02.07"]
[Round "-"]
[White "cnile"]
[Black "lennart"]
[Result "0-1"]
[WhiteCountry "SCO"]
[BlackCountry "SWE"]
[WhiteElo "1420"]
[WhiteRD "61"]
[BlackElo "1528"]
[BlackRD "55"]
[GameID "275271"]

1. e4 c6 2. d4 d5 3. Nc3 dxe4 4. Nxe4 e6 5. Nf3 Be7 6. Bc4 b5 7. Bd3 Nf6 8. Bf4 Nbd7 9. c3 O-O 10. O-O Nxe4
11. Bxe4 Qb6 12. Rc1 Ba6 13. Qc2 Nf6 14. Ne5 Bb7 15. Be3 Qa6 16. Bd3 Qxa2 17. Bg5 c5 18. Bxf6 Bxf6 19. Nd7 Qd5 20. Bxh7+ Kh8
21. f3 Qxd7 22. Be4 Bxe4 23. Qxe4 Rad8 24. dxc5 Be7 25. Rc2 Bxc5+ 26. Kh1 Qd1 27. Rxd1 Rxd1+ 28. Qe1 Rxe1#
0-1

[Event "Thematic: Caro-Kann"]
[Site "SchemingMind.com"]
[Date "2011.02.08"]
[Round "-"]
[White "tiggeronvrb"]
[Black "lennart"]
[Result "1-0"]
[WhiteCountry "SCO"]
[BlackCountry "SWE"]
[WhiteElo "1858"]
[WhiteRD "68"]
[BlackElo "1522"]
[BlackRD "55"]
[GameID "275273"]

1. e4 c6 2. d4 d5 3. Nc3 e6 4. Nf3 Bb4 5. Bd3 c5 6. dxc5 Bxc5 7. exd5 exd5 8. O-O Nf6 9. Re1+ Be6 10. Bg5 Be7
11. Bb5+ Nbd7 12. Bxf6 Bxf6 13. Nxd5 O-O 14. Bxd7 Qxd7 15. Nxf6+ gxf6 16. Nd4 Qc8 17. c3 Rd8 18. Qf3 Kf8 19. Qxf6 Qc4 20. Nxe6+
1-0

[Event "Thematic: Caro-Kann"]
[Site "SchemingMind.com"]
[Date "2011.02.07"]
[Round "-"]
[White "lontjr"]
[Black "lennart"]
[Result "0-1"]
[WhiteCountry "USA"]
[BlackCountry "SWE"]
[WhiteElo "1478"]
[WhiteRD "82"]
[BlackElo "1528"]
[BlackRD "55"]
[GameID "275274"]

1. e4 c6 2. d4 d5 3. exd5 cxd5 4. Bd3 Nf6 5. c3 e6 6. Nf3 Bd6 7. O-O O-O 8. Bg5 Nbd7 9. Re1 h6 10. Bh4 g5
11. Bg3 Bxg3 12. fxg3 Qb6 13. Qe2 Re8 14. Nbd2 Qxb2 15. Reb1 Qxc3 16. Rc1 Qb4 17. Rab1 Qd6 18. Ne5 b6 19. Re1 Bb7 20. Rbc1 Rac8
21. h4 Ne4 22. Qh5 Nxe5
0-1

[Event "Thematic: Caro-Kann"]
[Site "SchemingMind.com"]
[Date "2011.02.07"]
[Round "-"]
[White "Will Grummitt"]
[Black "lennart"]
[Result "1/2-1/2"]
[WhiteCountry "ENG"]
[BlackCountry "SWE"]
[WhiteElo "1811"]
[WhiteRD "56"]
[BlackElo "1522"]
[BlackRD "55"]
[GameID "275275"]

1. e4 c6 2. d4 d5 3. Nc3 e6 4. Nf3 Bb4 5. Qd3 Bxc3+ 6. bxc3 dxe4 7. Qxe4 Nf6 8. Qd3 O-O 9. Bg5 h6 10. Bh4 Nbd7
11. Ne5 Nxe5 12. dxe5 Qxd3 13. cxd3 Nd7 14. d4 c5 15. Bc4 cxd4 16. cxd4 a6 17. O-O b5 18. Bb3 Bb7 19. f3 a5 20. Rac1 Nb8
21. Rc7 Ba6 22. Rfc1 b4 23. Re7 Bb5 24. Rcc7 Nc6 25. Red7 a4 26. Bxe6 Nd8 27. Rxd8 fxe6 28. Rxa8 Rxa8 29. Rb7 Bc4 30. Rxb4 Bxa2
31. Rb6 a3 32. Be7 Bd5 33. Rb1 a2 34. Ra1 Ra4 35. Kf2 Rxd4 36. Bc5 Rd2+ 37. Kg3 Rb2 38. Bd4 Rb4 39. Bc3 Ra4 40. Kf2 Bb3
41. Ke2 g5 42. g3 Kg7 43. Kd2 Rc4 44. Kd3 Rc6 45. Kd4 Kg6 46. h3 Kf5 47. Kd3 Rc7 48. Re1 Bd5 49. Ra1 Rb7 50. Kc2 Rb1
51. Rxb1 axb1=Q+ 52. Kxb1 Bxf3 53. Kc2 Ke4 54. h4 Kf5 55. Kd3 g4 56. Kd4 h5 57. Kc5 Ba8 58. Kd6 Bd5 59. Bd2 Ke4 60. Bf4 Kf5
61. Ke7 Kg6= 62. Kf8 Bc6 63. Kg8 Bd7 64. Bg5 Kf5 65. Bf4 Bc8 66. Kg7 Bd7 67. Kh6 Be8 68. Kg7 Bc6 69. Kf7 Bb5 70. Kg7 Bd7
71. Kh6 Be8 72. Kg7=
1/2-1/2